000 01397nam a22004097a 4500
001 000000551
003 CHAP
005 20220329132936.0
008 971013s1989 r 00010 d
010 _a502
011 _a1474
035 _a650
040 _cCHAP
090 _aTesis
100 0 0 _aMartínez Allende, Sidronio.
_971797
245 0 _aAnálisis de la eficiencia en el uso y manejo del agua de riego en el Distrito de Desarrollo rural 002, Río Colorado, BC.
260 _aChapingo, Méx. :
_bEl autor,
_c1989.
300 _a183 h.
500 _a36-219
502 _aTesis (Ing. Agrónomo Esp. en Irrigación) -- UACH. Departamento de Irrigación
590 _aALEPH
_b10
_c20130110
_lUCH01
_h1205
590 _aBATCH-UPD
_b10
_c20130110
_lUCH01
_h0228
590 _aBATCH-UPD
_b10
_c20130110
_lUCH01
_h1655
590 _aBATCH-UPD
_b10
_c20130409
_lUCH01
_h2251
590 _aBATCH-UPD
_b10
_c20130410
_lUCH01
_h1533
590 _aBATCH-UPD
_b10
_c20130913
_lUCH01
_h2234
590 _aCONVERSION
_b10
_c20130109
_lUCH01
_h1302
590 _aE11695DGD
_b10
_c20161010
_lUCH01
_h1459
650 1 4 _aAgua para irrigacion.
_92430
650 1 4 _aAgua
_xAprovechamiento
_xBaja California.
_92285
700 0 _aMartínez Guerra, Javier.
_972119
700 0 _aRuiz López, José Luis.
_9100718
901 _aBK
942 _cTESIS
942 _n0
949 _bBC
_cTES
_d-10106
_eTS1
_h22703
_i650
_si
999 _c502
_d502